Entry Nombre personal
001 - NÚMERO DE CONTROL
- campo de control: 77900
003 - IDENTIFICADOR DE NÚMERO DE CONTROL
- campo de control: SpMaBN
005 - FECHA Y HORA DE LA ÚLTIMA TRANSACCIÓN
- campo de control: 20250817074407.0
008 - ELEMENTOS DE DATO DE LONGITUD-FIJA
- campo de control de longitud fija: 901120nn aijnnaabn n aaa
016 ## - NÚMERO DE CONTROL DE UNA AGENCIA BIBLIOGRÁFICA NACIONAL
- Número de control del registro: BNE19900274104
024 7# - IDENTIFICADOR DE OTROS ESTÁNDARES
- Número estándar o código: http://viaf.org/viaf/86686403/
- Fuente: viaf
024 7# - IDENTIFICADOR DE OTROS ESTÁNDARES
- Número estándar o código: https://isni.org/isni/0000000060493936
- Fuente: isni
024 7# - IDENTIFICADOR DE OTROS ESTÁNDARES
- Número estándar o código: http://www.wikidata.org/entity/Q28837096
- Fuente: wikidata
040 ## - FUENTE DE CATALOGACIÓN
- Centro catalogador/agencia de origen: SpMaBN
- Lengua de catalogación: spa
- Centro/agencia transcriptor: SpMaBN
- Normas de descripción: rdc
- Convención/Normas de encabezamiento de materia/tesauro: embne
100 1# - ENCABEZAMIENTO-NOMBRE DE PERSONA
- Nombre de persona: Martínez Bueno, Leonardo,
- Fechas asociadas al nombre: 1915-1977
368 ## - OTROS ATRIBUTOS DE PERSONA O ENTIDAD CORPORATIVA
- Otra designación: Premio Nacional de Escultura
- Período de inicio: (1956)
370 ## - LUGAR ASOCIADO
- Lugar de nacimiento: España, Castilla-La Mancha, Cuenca (Provincia), Pajaroncillo
370 ## - LUGAR ASOCIADO
- Lugar de fallecimiento: España, Madrid (Comunidad Autónoma), Madrid
374 ## - OCUPACIÓN
- Ocupación: Escultores
- Ocupación: Profesores
375 ## - GÉNERO/SEXO
- Género: Masculino
670 ## - FUENTE DE DATOS ENCONTRADOS
- Cita de la fuente: Leonardo Martínez Bueno (1915-1977), 1986
- Información encontrada: portada (Leonardo Martínez Bueno)
670 ## - FUENTE DE DATOS ENCONTRADOS
- Cita de la fuente: WWW Museo de la Semana Santa de Cuenca, 19-7-2019
- Información encontrada: (Leonardo Martínez Bueno; (Pajaroncillo, Cuenca 29/5/1915 – Madrid 15/2/1977). Profesor en las Escuelas Superiores de Bellas Artes de Sevilla y Barcelona. Premio Nacional de Escultura en 1956)
- Identificador Uniforme de Recursos: http://www.msscuenca.org/leonardo_martinez_bueno.html
